000 01438nam a2200373Ia 4500
001 ebr10729500
003 CaPaEBR
006 m o u
007 cr cn|||||||||
008 130422s2013 coua sb 001 0 eng d
010 _z 2013009390
020 _z0874218993 (pbk.)
020 _z9780874218992 (pbk.)
020 _z9780874219005
040 _aCaPaEBR
_cCaPaEBR
035 _a(OCoLC)851156855
050 1 4 _aGR71
_b.T73 2013eb
082 0 4 _a398.2
_223
245 0 0 _aTradition in the twenty-first century
_h[electronic resource] :
_blocating the role of the past in the present /
_cedited by Trevor J. Blank and Robert Glenn Howard.
260 _aBoulder, CO :
_bUtah State University Press,
_c2013.
300 _a225 p. :
_bill.
504 _aIncludes bibliographical references and index.
533 _aElectronic reproduction.
_bPalo Alto, Calif. :
_cebrary,
_d2013.
_nAvailable via World Wide Web.
_nAccess may be limited to ebrary affiliated libraries.
650 0 _aFolklore.
650 0 _aTradition (Philosophy)
650 0 _aOral tradition.
650 0 _aCommunication in folklore.
650 0 _aSemiotics and folk literature.
655 7 _aElectronic books.
_2local
700 1 _aBlank, Trevor J.
700 1 _aHoward, Robert Glenn.
710 2 _aebrary, Inc.
856 4 0 _uhttp://site.ebrary.com/lib/rucke/Doc?id=10729500
_zAn electronic book accessible through the World Wide Web; click to view
999 _c152099
_d152099